La neblina y el verbo : (Record no. 7891)
[ view plain ]
| 000 -CABECERA | |
|---|---|
| campo de control de longitud fija | 00823cam a2200229 a 4500 |
| 001 - NÚMERO DE CONTROL | |
| campo de control | 000008114 |
| 005 - FECHA Y HORA DE LA ÚLTIMA TRANSACCIÓN | |
| campo de control | 20200929154436.0 |
| 008 - DATOS DE LONGITUD FIJA--INFORMACIÓN GENERAL | |
| campo de control de longitud fija | 921102s1992 ve a b 000 0 spa |
| 020 ## - NÚMERO INTERNACIONAL ESTÁNDAR DEL LIBRO | |
| Número Internacional Estándar del Libro | 9800005498 |
| 040 ## - FUENTE DE LA CATALOGACIÓN | |
| Centro catalogador/agencia de origen | DO-SdBNP |
| Centro/agencia transcriptor | DLC |
| Centro/agencia modificador | DLC |
| 082 ## - NÚMERO DE LA CLASIFICACIÓN DECIMAL DEWEY | |
| Número de clasificación | 928.87 |
| Número de documento/Ítem | A663nzH |
| 100 1# - ENTRADA PRINCIPAL--NOMBRE DE PERSONA | |
| Nombre de persona | Herrera, Earle, |
| Fechas asociadas al nombre | 1949- |
| 9 (RLIN) | 15970 |
| 245 13 - MENCIÓN DE TÍTULO | |
| Título | La neblina y el verbo : |
| Resto del título | Orlando Araujo uno y múltiple / |
| Mención de responsabilidad, etc. | Earle Herrera. |
| 260 ## - PUBLICACIÓN, DISTRIBUCIÓN, ETC. | |
| Lugar de publicación, distribución, etc. | Caracas : |
| Nombre del editor, distribuidor, etc. | Direccion de Cultura, Universidad Central de Venezuela, |
| Fecha de publicación, distribución, etc. | 1992. |
| 300 ## - DESCRIPCIÓN FÍSICA | |
| Extensión | 230 p. ; |
| Dimensiones | 22 cm. |
| 490 1# - MENCIÓN DE SERIE | |
| Mención de serie | Letras de Venezuela |
| Designación de volumen o secuencia | no. 97 |
| 490 1# - MENCIÓN DE SERIE | |
| Mención de serie | Ensayo |
| 504 ## - NOTA DE BIBLIOGRAFÍA, ETC. | |
| Nota de bibliografía, etc. | Incluye referencias bibliográficas p. 219-227. |
| 600 10 - PUNTO DE ACCESO ADICIONAL DE MATERIA--NOMBRE DE PERSONA | |
| Nombre de persona | ARAUJO, ORLANDO, |
| Fechas asociadas al nombre | 1928- |
| Subdivisión general | CRÍTICA E INTERPRETACIÓN |
| 9 (RLIN) | 22027 |
| 830 #0 - PUNTO DE ACCESO ADICIONAL DE SERIE-TÍTULO UNIFORME | |
| Título uniforme | Letras de Venezuela, |
| Nombre de parte o sección de la obra | Ensayo ; |
| Designación de volumen o secuencia | no. 97 |
| 9 (RLIN) | 22028 |
| 910 ## - DATOS DE OPCIÓN DEL USUARIO (OCLC) | |
| Datos de opción del usuario | Catalogación por copia / LC |
| Estado de retiro | Estado de pérdida | Restricciones de uso | No para préstamo | Código de colección | Localización permanente | Ubicación/localización actual | Ubicación en estantería | Fecha de adquisición | Número de inventario | Total de préstamos | Signatura topográfica completa | Código de barras | Fecha visto por última vez | Precio válido a partir de | Tipo de ítem Koha |
|---|---|---|---|---|---|---|---|---|---|---|---|---|---|---|---|
| Préstamo interno | Monografías: Libros y Folletos | General | General | En catalogación | 14.09.2009 | LF1 | 928.87 A663nzH | 8114-10 | 25.06.2020 | 25.06.2020 | Préstamo interno |
